Word Ladder: Simple Machines Quiz Stats

 Plays Quiz Updated Jun 9, 2017

Support Sporcle.
Go Orange.
Score 0/36 Timer 06:00
0 Plays Today
Hint 5-Letter Word % Correct
Not costlyCHEAP
92.6%
Play unfairlyCHEAT
92.4%
Darkest colorBLACK
92.1%
Grain commonly used for breadWHEAT
91.1%
Make a frog sound or dieCROAK
90.9%
Baby bird soundCHEEP
90.4%
Time measurement machineCLOCK
90.4%
Small streamCREEK
90.3%
An old door hinge just might do thisCREAK
90.2%
Concealing garmentCLOAK
89.5%
Move stealthilyCREEP
89.3%
▴ Simple machine: Pulley (e.g. _____ and tackle) ▴▴ BLOCK ▴
88.4%
Fleecy animalsSHEEP
87.5%
DishPLATE
86.4%
Gallbladder neighborLIVER
85.9%
___BLANK
85%
▴ Simple machine: Inclined _____ (e.g. ramp)▴▴ PLANE ▴
84.6%
Wooden boardPLANK
84.3%
Hint 5-Letter Word % Correct
Brew, as teaSTEEP
81.3%
Throat ailmentSTREP
79.6%
▴ Simple machine: _____ (e.g. scissors)▴▴ LEVER ▴
78.2%
The original blackboardSLATE
78%
▴ Simple machine: _____ (e.g. jar lid)▴▴ SCREW ▴
73.6%
Scatter aboutSTREW
73.4%
Allergic skin reactionHIVES
70.5%
▴ Simple machine: _____ and axle (e.g. doorknob)▴▴ WHEEL ▴
70.2%
Winter in ParisHIVER
68.1%
Bump caused by an insect biteWHEAL
66.9%
Whistle weakly (as a bird)WHEEP
64.6%
Emphatic word after 'yes' and before 'bob'SIREE
60.4%
▴ Simple machine: Wedge (e.g. knife _____) ▴▴ BLADE ▴
58.1%
1970s English rock bandSLADE
56.9%
Cliff debrisSCREE
56%
Brand of root beerHIRES
52.8%
Car quartetTIRES
51.8%
Scottish isleTIREE
43.4%

Today's Daily Dose

Missing Word
FPS Games (A-Z)

Quick Pick
Cartoon Lions

Get the Picture
5, 6, 7, or 8 Movies

You're not logged in!

Compare scores with friends on all Sporcle quizzes.
OR
Log In
Forgot?

From the Vault

Movies of 1983

by grapefruitking

In 1983 the average income per year was $21,000 and a gallon of milk cost $1.35. Doesn't sound like a whole lot has changed!
Remove Ads.
Support Sporcle.
Get the best of Sporcle when you Go Orange. This ad-free experience offers more features, more stats, and more fun while also helping to support Sporcle. Thank you for becoming a member.

Show Comments

Extras

Top Quizzes Today


Score Distribution

Your Account Isn't Verified!

In order to create a playlist on Sporcle, you need to verify the email address you used during registration. Go to your Sporcle Settings to finish the process.

Report this User

Report this user for behavior that violates our Community Guidelines.

Details: